| 000 | 00880nam a22002177a 4500 | ||
|---|---|---|---|
| 999 |
_c12171 _d12171 |
||
| 003 | AR-CdUCM | ||
| 008 | 190408b ||||| |||| 00| 0 spa d | ||
| 040 |
_aMUNICIPALIDAD PROVINCIAL DEL CUSCO _cBIBLIOTECA MUNICIPAL DEL CUSCO |
||
| 082 |
_aC / 985.6 / _bC66 |
||
| 100 |
_aCornejo Bouroncle, Jorge _915278 |
||
| 245 | _aPor el Perú incaico y colonial / | ||
| 260 |
_aBuenos Aires : _bSociedad Geográfica Americana, _c1946. |
||
| 300 |
_a109 páginas ; _b77 imágenes. _c18 páginas ; |
||
| 440 |
_aColección Nadir _929894 |
||
| 505 | _aEstilos arquitectonicos incaicos -- ciudades que renacen -- El templo del sol -- La influencia del medio americano en el arte español de la colonia -- Dos expresiones de arte colonial... | ||
| 650 |
_aCuzco. _97693 |
||
| 650 |
_aArquitectura. _93356 |
||
| 650 |
_aTradiciones. _9229 |
||
| 942 |
_2ddc _cLIBROS |
||
| 945 |
_awfj _d2019-04-08 |
||